| 000 | 00791nam a22002177a 4500 | ||
|---|---|---|---|
| 999 |
_c11756 _d11756 |
||
| 003 | AR-CdUCM | ||
| 008 | 190404b ||||| |||| 00| 0 spa d | ||
| 040 |
_aMUNICIPALIDAD PROVINCIAL DEL CUSCO _cBIBLIOTECA MUNICIPAL DEL CUSCO |
||
| 082 |
_a701.17 / _bM46 / 1924 |
||
| 100 |
_aMeumann, E. _929268 |
||
| 245 | _aSistema de estética / | ||
| 260 |
_aMadrid : _bCalpe, _c1924. |
||
| 300 |
_a139 páginas ; _c19 cm. |
||
| 505 | _aContenido : El problema de la estética y su relación con el arte -- La actividad artística y los métodos para su investigación -- El análisis de la creación artística ... | ||
| 650 |
_aArte _9561 |
||
| 650 |
_aLa estética _913800 |
||
| 650 |
_aBelleza _92629 |
||
| 700 |
_aVela, Fernando _929269 |
||
| 942 |
_2ddc _cLIBROS |
||
| 945 |
_arah _d04/04/2019 |
||